• 首页
  • 本馆介绍
  • 公告通知
  • 最新文献
  • 馆藏检索
  • 电子资源
  • 读者导购
  • 参考咨询
  • 我的图书馆
  • 登录
  • 详细信息显示
  • 放入我的书架
  • 预约/预借图书
  • 作者相关作品
  • 分类相关作品
  • 丛书相关作品
  • 出版社相关作品

书目信息

  • 表格格式
  • 工作单格式
  • 卡片格式
题名:
翩翩长鼓
    
 
作者: 范秀炎 , 吴卫清 编著
分册:  
出版信息: 广州   广东教育出版社  2013.01
页数: 145页
开本: 24cm
丛书名: 广东非物质文化遗产丛书
单 册:
中图分类: J722.225.1
科图分类:
主题词: 瑶族--鼓舞--介绍--广东 , 瑶族 , 鼓舞
电子资源:
ISBN: 978-7-5406-9981-9
000 01030oam2 2200301 450
001 005981743
005 20130911102742.42
010    @a978-7-5406-9981-9@dCNY26.50
100    @a20130704d2013 em y0chiy0110 ea
101 0  @achi
102    @aCN@b440000
105    @aag z 000yy
106    @ar
200 1  @a翩翩长鼓@9pian pian chang gu@e广东瑶族长鼓舞@f范秀炎,吴卫清编著
210    @a广州@c广东教育出版社@d2013.01
215    @a145页@c图@d24cm
225 2  @a广东非物质文化遗产丛书
330    @a本书除介绍长鼓舞的历史与艺术价值外,还收录有整套长鼓舞的动作分解,内容包括排瑶长鼓舞、连南过山瑶长鼓舞、瑶族黄泥鼓舞及其舞歌等。
461  0 @12001 @a广东非物质文化遗产丛书@1701 0@a林雄@4主编
517 1  @a广东瑶族长鼓舞@9guang dong yao zu chang gu wu
606 0  @a瑶族@x鼓舞@x介绍@y广东
606 0  @a瑶族
606 0  @a鼓舞
690    @aJ722.225.1@v5
701  0 @a范秀炎@9fan xiu yan@4编著
701  0 @a吴卫清@9wu wei qing@4编著
801  0 @aCN@b人天书店@c20130704
905    @b547515-18@dJ722.225.1@e121@f4@xCNY26.50
    
    翩翩长鼓:广东瑶族长鼓舞/范秀炎,吴卫清编著.-广州:广东教育出版社,2013.01
    145页:图;24cm.-(广东非物质文化遗产丛书)
    
    
    ISBN 978-7-5406-9981-9:CNY26.50
    本书除介绍长鼓舞的历史与艺术价值外,还收录有整套长鼓舞的动作分解,内容包括排瑶长鼓舞、连南过山瑶长鼓舞、瑶族黄泥鼓舞及其舞歌等。
●
相关链接 在E读中查询图书 在五车中查询图书 在当当中查询图书 在豆瓣中查询图书


正题名:翩翩长鼓     索取号:J722.225.1/121         预约/预借

序号 登录号 条形码 馆藏地/架位号 状态 备注
1 547515   205475154   第一样本阅览室/ [索取号:J722.225.1/121] 在馆    
2 547516   205475163   第一借阅区/ [索取号:J722.225.1/121] 在馆    
3 547517   205475172   第一借阅区/ [索取号:J722.225.1/121] 在馆    
4 547518   205475181   密集书库-音乐系/ [索取号:J722.225.1/121] 在馆    
唐山师范学院图书馆 欢迎您!
大连网信软件有限公司© 版权所有